Zur Begründung einer materialistischen Sozialisationstheorie /
El psicoanalista y sociólogo alemán Alfred Lorenzer (Ulm, 1922 – Perugia, 2002) propone cotejar dos teorías que parecen excluirse entre sí, cuando se analiza el desarrollo del niño como un proceso natural y al mismo tiempo como una historia social de su formación: el psicoanálisis y el materialismo...
Gorde:
| Egile nagusia: | |
|---|---|
| Formatua: | Liburua |
| Hizkuntza: | German |
| Argitaratua: |
Frankfurt, Alemania :
Suhrkamp,
1973, c1973
|
| Saila: | (Theorie Surkhamp)
|
| Gaiak: | |
| Etiketak: |
Etiketarik gabe, Izan zaitez lehena erregistro honi etiketa jartzen!
|
MARC
| LEADER | 00000nam^a2200000^a^4500 | ||
|---|---|---|---|
| 001 | 000182883 | ||
| 005 | 20250521000000.0 | ||
| 009 | 20260310102020.992 | ||
| 020 | |a 3-518-06372-3 | ||
| 037 | |a Acervo ITESO - Biblioteca | ||
| 041 | |a ALE | ||
| 082 | |a 150. 195 |b LOR | ||
| 100 | |a Lorenzer, Alfred |e (autor) | ||
| 240 | 1 | 1 | |a [Bases para una teoría de la socialización] |
| 245 | 1 | 0 | |a Zur Begründung einer materialistischen Sozialisationstheorie / |c A. Lorenzer. |
| 264 | 4 | |a Frankfurt, Alemania : |b Suhrkamp, |c 1973, c1973 | |
| 300 | |a 160 p. | ||
| 336 | |a texto |b txt |2 rdacontenido | ||
| 337 | |a sin mediación |b n |2 rdamedio | ||
| 338 | |a volumen |b nc |2 rdasoporte | ||
| 440 | 1 | |a (Theorie Surkhamp) | |
| 520 | |a El psicoanalista y sociólogo alemán Alfred Lorenzer (Ulm, 1922 – Perugia, 2002) propone cotejar dos teorías que parecen excluirse entre sí, cuando se analiza el desarrollo del niño como un proceso natural y al mismo tiempo como una historia social de su formación: el psicoanálisis y el materialismo histórico. Mientras que para el psicoanálisis, las estructuras de la vivencia –acción, pensamiento, sentimiento, percepción- están determinadas pulsionalmente, el materialismo histórico las considera en su dependencia del proceso histórico, que consiste en el enfrentamiento del hombre con la naturaleza exterior, tal como se presenta en concreto, aquí y ahora, en el momento del análisis. | ||
| 649 | |a XX | ||
| 650 | |a Niños - |x Condiciones Psicológicas | ||
| 650 | |a Niños - |x Condiciones Sociales y Culturales | ||
| 650 | |a Pulsiones | ||
| 650 | |a Relaciones Padres-Hijos | ||
| 650 | |a Interacción Comunicativa | ||
| 650 | |a Comportamiento Social | ||
| 650 | |a Interacción Social | ||
| 650 | |a Socialización - |x Teoría - |x Tema Principal | ||
| 650 | |a Naturaleza y Civilización - |x Tema Principal | ||
| 650 | |a Psicoanálisis y Marxismo - |x Tema Principal | ||
| 650 | |a Materialismo Histórico - |x Historia y Crítica | ||
| 650 | |a Marxismo - |x Historia y Crítica | ||
| 650 | |a Psicoanálisis Freudiano - |x Historia y Crítica | ||
| 650 | |a Psicoanálisis y Sociedad | ||
| 650 | |a Psicología Evolutiva | ||
| 650 | |a Psicología Social | ||
| 910 | |a Fondo Armando Suárez Gómez | ||
| 920 | |a Impresos - Libros | ||
| 930 | |a Fondos Especiales | ||
| 905 | |a 111 | ||
| 901 | |a 0700001020 |b IT2 |c ESP |u 20250521 | ||
| 902 | |a https://opac.biblio.iteso.mx/vufind/Record/000182883 | ||